2000s Album Covers - Click Quiz - Statistics

General Stats
  • This quiz has been taken 1,074 times
  • The average score is 15 of 20
Answer Stats
Hint Extra Hint Answer % Correct
Laundry Service Shakira
88%
Get Rich or Die Tryin 50 Cent
88%
Justified Justin Timberlake
88%
Back to Black Amy Winehouse
86%
Demon Days Gorillaz
86%
Dangerously In Love Beyoncé
86%
The Fame Monster Lady Gaga
85%
American Idiot Green Day
84%
The Eminem Show Eminem
83%
Circus Britney Spears
79%
Stankonia Outkast
75%
Graduation Kanye West
74%
Parachutes Coldplay
74%
Confessions on a Dance Floor Madonna
67%
Hot Fuss The Killers
62%
Kid A Radiohead
60%
Oracular Spectacular MGMT
59%
Elephant The White Stripes
58%
Is This It The Strokes
48%
Funeral Arcade Fire
42%
No matching quizzes found
Score Distribution
Percent of People with Each Score
Percentile by Number Answered
Your Score History
You have not taken this quiz